| 000 | 00535nam a2200181 a 4500 | ||
|---|---|---|---|
| 001 | 3198 | ||
| 005 | 20140414132024.0 | ||
| 008 | 060202s19uu xx 00 eng d | ||
| 020 | _a0-439-44710-0 | ||
| 050 |
_aTR _bIN2 2001 |
||
| 100 | _aPinczes, Elinor J. | ||
| 245 |
_aInchworm and a half / _cby Elinor J. Pinczes ; illustrated by Randall Enos. |
||
| 260 |
_aNew York : _bScholastic, _c2001. |
||
| 300 | _a1 v. p. : ill. ; cm. | ||
| 650 |
_aFractions _xJuvenile literature _xChildren stories. |
||
| 999 |
_c113528 _d113528 |
||